Suburbs of New Zealand - Statistics

General Stats
  • This quiz has been taken 65 times
  • The average score is 6 of 16
Answer Stats
Suburb City % Correct
Birkenhead Auckland
94%
Naenae Lower Hutt
76%
Maori Hill Dunedin
53%
Otumoetai Tauranga
45%
Melville Hamilton
43%
Bluff Hill Napier
39%
Northland Wellington
37%
Mairehau Christchurch
35%
Spotswood New Plymouth
35%
Kensington Whangarei
27%
Atawhai Nelson
25%
Frimley Hastings
20%
Waikiwi Invercargill
20%
Terrace End Palmerston North
20%
Durie Hill Whanganui
20%
Mangapapa Gisborne
8%
No matching quizzes found
Score Distribution
Percent of People with Each Score
Percentile by Number Answered
Your Score History
You have not taken this quiz